000 00850nam a22002777a 4500
001 57982
003 DO-SdBNP
005 20180126091929.0
007 57982
008 891108s1988 sp spa
016 7 _2BPMSU
020 _a8434586436
040 _aBPMSU
_bspa
_cBPMSU
100 1 _aNorton, Mary
240 _aAre all the giants dead?
_lespañol
245 1 0 _a¿Han muerto todos los gigantes? /
_cMary Norton ; traducción de Pablo Lizcano ; ilustraciones de Brian Froud
260 1 _aBarcelona
_bSalvat
_c1988
300 _a141 p.:
_bil.
_c22 cm
490 1 _aBiblioteca juvenil
_v63
700 1 1 _aLizcano, Pablo
_d1951-2009
_etr.
700 1 1 _aFroud, Brian
_eil.
830 0 _aBiblioteca juvenil (Salvat Editores)
_v63
942 _2ddc
_cBK
945 _aInventariado, 2018/MFF
956 _aVMATEO
_210
_320151119
_6BPMSU
_800151
999 _c8815
_d8815